000 00643nam a2200217 a 4500
001 BRCA_7372
005 20190320205819.0
008 070313s1954----nyu#######---#000-0#eng-#
041 _aeng
044 _anyu
050 4 _aZ5931
_b.P83 1954
245 1 0 _aPublications issued by or for the Metropolitan Museum of Art with other selected titles.
260 _aNueva York
_bMetropolitan Museum of Art
_c1954
300 _a16 p.
500 _aQ68
650 1 4 _aArte
_vBibliografĂ­a
_910319
650 1 4 _aGalerĂ­as y museos
_zEstados Unidos
_97437
710 2 _aMetropolitan Museum of Art (Nueva York)
_97537
902 _aGFM
942 _2lcc
_cB
999 _c7048
_d7048